La presencia negra en Santo Domingo : (Registro nro. 7682)

Detalles MARC
000 -LIDER
fixed length control field 01202nam a2200325 a 4500
001 - NÚMERO DE CONTROL
Identificador de número de control 000006473
003 - IDENTIFICACDOR DE NÚMERO DE CONTROL
control field DO-SdBNP
005 - DATE AND TIME OF LATEST TRANSACTION
control field 20240426130328.0
007 - CAMPOS FIJOS DE DESCRIPCIÓN FÍSICA
fixed length control field 000006473
008 - ELEMENTOS DE LONGITUD FIJA
fixed length control field 090831s2006 dr ab 000 0 spa d
020 ## - ISBN
International Standard Book Number 994541013X
040 ## - FUENTE DE CATALOGACIÓN
Agencia que crea de manera original el registro BPMSU
Idioma de catalogación spa
Agencia que realiza la transcripción BPMSU
082 #4 - NÚMERO DE CLASIFICACIÓN DECIMAL DE DEWEY
Classification number 305.89607293
Item number A577p
100 1# - ASIENTO PRINCIPAL -- NOMBRE PERSONAL
Nombre personal Andújar Persinal, Carlos,
Fechas asociadas con el nombre 1956-
245 13 - MENCIÓN DE TITULO
Título La presencia negra en Santo Domingo :
Subtítulo un enfoque etnohistórico /
Mención de responsabilidad Carlos Andújar ; prólogo Carlos Esteban Deive.
260 ## - PUBLICACIÓN, DISTRIBUCIÓN, ETC. (PIE DE IMPRENTA)
Lugar de publicación, distribución, etc Santo Domingo, :
Nombre del editor, distribuidor, etc. Letra Gráfica,
Fecha de publicación, distribución, etc 2006.
300 ## - DESCRIPCIÓN FÍSICA
Extensión 157 p. :
Otros detalles físicos il., mapa ;
Dimensiones 18 cm.
490 1# - MENCIÓN DE SERIES
Mención de serie Breve Letra Gráfica
504 ## - NOTA DE BIBLIOGRAFÍA, ETC.
Bibliography, etc Bibliografía: p. 153-157
504 ## - NOTA DE BIBLIOGRAFÍA, ETC.
Bibliography, etc Incluye referencias bibliográficas y notas al pie de las páginas
650 #4 - ENCABEZAMIENTO DE MATERIA--TEMÁTICO
Término temático o nombre geográfico como elemento de entrada Negros
Subdivisión geográfica República Dominicana
Subdivisión temática general Historia
650 #4 - ENCABEZAMIENTO DE MATERIA--TEMÁTICO
Término temático o nombre geográfico como elemento de entrada Esclavos
Subdivisión geográfica República Dominicana
Subdivisión temática general Historia
651 #4 - ENCABEZAMIENTO DE MATERIA--NOMBRE GEOGRÁFICO
Nombre geográfico República Dominicana
Subdivisión temática general Civilización
-- Influencias africanas
700 1# - ASIENTO SECUNDARIO -- NOMBRE PERSONAL
Nombre personal Deive, Carlos Esteban,
Mención de responsabilidad pról.
830 #0 - ASIENTO SECUNDARIO DE SERIE--TÍTULO UNIFORME
Título uniforme Breve Letra Gráfica
910 ## - VALIDACIÓN
Validación Validado. Control de calidad BNPHU
942 ## - ADDED ENTRY ELEMENTS (KOHA)
Source of classification or shelving scheme Dewey Decimal Classification
Koha item type Libros
945 ## - INFORMACIÓN DE PROCESAMIENTO LOCAL
Información de procesamiento local Inventariado / 2017 VM
956 ## - LOCAL ELECTRONIC LOCATION AND ACCESS (OCLC)
Nombre de host VMATEO
Número de acceso 10
Información de compresión 20150423
Inicio de sesión BND01
Procesador de solicitud 00151
Existencias
Withdrawn status Lost status Source of classification or shelving scheme Damaged status Not for loan Collection code Home library Current library Date acquired Source of acquisition Total Checkouts Full call number Barcode Date last seen Price effective from Koha item type Copy number
    Dewey Decimal Classification     Colección Dominicana Biblioteca Pública Metropolitana Salomé Ureña Biblioteca Pública Metropolitana Salomé Ureña 04/23/2015 Compra   305.89607293 A577p BPMSU15040027 04/23/2015 04/23/2015 Libros  
    Dewey Decimal Classification     Colección Dominicana Biblioteca Pública Metropolitana Salomé Ureña Biblioteca Pública Metropolitana Salomé Ureña 07/17/2015 Compra   305.89607293 A577p BPMSU15070225 07/17/2015 07/17/2015 Libros e. 2